000 00388 a2200157 4500
001 150285
040 _cEscola São Tomás de Aquino
100 _aBELINKY, Tatiana
240 1 0 _aContas meio tontas e figuras sem chaturas
_lpor
245 1 0 _aContas meio tontas e figuras sem chaturas
300 _a24
362 0 _a2005
440 1 _aElementar
697 _aMATEMÁTICA
942 _cBK
999 _c150285
_d150285